LEADER 01132nam0-2200385---450- 001 990003154250403321 005 20091014134021.0 010 $a88-420-3646-3 035 $a000315425 035 $aFED01000315425 035 $a(Aleph)000315425FED01 035 $a000315425 100 $a20030910d1990----km-y0itay50------ba 101 0 $aita 102 $aIT 200 1 $aPersuasori e persuasi$ei mass media negli USA degli anni '90$fP. Glisenti, R. Pesenti$gprefazione di Furio Colombo 210 $aRoma ; Bari$cLaterza$d1990 215 $aXXV, 263 p.$d21 cm 225 1 $a<>Robinson 610 0 $aMezzi di comunicazione di massa$aStati Uniti 676 $a302.230973$v21$zita 700 1$aGlisenti,$bPaolo$0126187 701 1$aPesenti,$bRoberto$0126188 702 1$aColombo,$bFurio$f<1931- > 801 0$aIT$bUNINA$gRICA$2UNIMARC 901 $aBK 912 $a990003154250403321 952 $a302.23 GLI 1$b3164$fBFS 952 $aXXVII 575$b1631$fDDCIC 952 $a13760 GLI$b9069$fSES 959 $aBFS 959 $aDDCIC 959 $aSES 996 $aPersuasori e persuasi$9458224 997 $aUNINA LEADER 01099nam0-2200349---450- 001 990009514300403321 005 20160115124357.0 010 $a978-88-06-18750-7 035 $a000951430 035 $aFED01000951430 035 $a(Aleph)000951430FED01 035 $a000951430 100 $a20120119d2007----km-y0itay50------ba 101 0 $aita 102 $aIT 105 $aa-------001cy 200 1 $aDei delitti e delle pene$econ una raccolta di lettere e documenti relativi alla nascita dell'opera e alla sua fortuna nell'Europa del Settecento$fCesare Beccaria$ga cura di Franco Venturi 205 $aN. ed. 210 $aTorino$cEinaudi$d2007 215 $aXXXIX, 680 p.$cill.$d18 cm 225 1 $aET classici$v202 676 $a345.001 676 $a853.6$v22$zita 700 1$aBeccaria,$bCesare$f<1738-1794>$0119146 702 1$aVenturi,$bFranco$f<1914-1994> 801 0$aIT$bUNINA$gRICA$2UNIMARC 901 $aBK 912 $a990009514300403321 952 $a853.6 BECC 1(1)$bBibl.61271$fFLFBC 959 $aFLFBC 996 $aDei delitti e delle pene$9150876 997 $aUNINA